000 nam a22 7a 4500
999 _c329219
_d329219
001 2072
003 ASAB
005 20170427113502.0
008 170427b xxu||||| |||| 00| 0 eng d
020 _a81-7132-290-5
040 _cASAB
082 _a581.1
222 _ahorticulture
240 _aPlant physiology for sustainable forestry, agri-horticulture and industry Production and developmental plant physiology
245 _aPlant physiology for sustainable forestry, agri-horticulture and industry
_bProduction and developmental plant physiology
_cEditors K.K. Bora, Karan singh, Arvind Kumar
246 _aPlant physiology
_bhorticulture and industry
_hplant physiology
300 _a344 P
942 _2ddc
_cBK